99 Most Valuable Fashion Brands - Statistics

General Stats
  • This quiz has been taken 159 times
  • The average score is 20 of 99
Answer Stats
Rank Value in $ Answer % Correct
5. $16.4B Gucci
84%
1. $41.6B Louis Vuitton
82%
2. $37.6B Nike
79%
7. $15B Adidas
77%
3. $29.6B Chanel
74%
13. $7.1B Prada
73%
36. $3.2B C&A
64%
9. $12.5B Dior
64%
46. $2.4B Puma
64%
4. $27B Hermes
60%
12. $10.7B H&M
59%
6. $16.2B Zara
58%
50. $2.1B Armani
48%
19. $4.9B Burberry
45%
75. $1B Tommy Hilfiger
45%
63. $1.5B Calvin Klein
40%
52. $2B Fendi
40%
77. $1B Lacoste
40%
38. $3.1B Dolce & Gabbana
36%
27. $4.6B Levi's
36%
34. $3.8B Under Armour
34%
30. $4.3B New Balance
33%
26. $4.6B The North Face
33%
66. $1.3B GAP
32%
11. $12B Rolex
32%
8. $12.8B Uniqlo
32%
84. $869M Valentino
31%
55. $1.9B Hugo Boss
30%
25. $4.7B Tom Ford
27%
10. $12.1B Cartier
26%
18. $5.2B Lululemon
23%
24. $4.7B Polo Ralph Lauren
20%
58. $1.6B Primark
20%
28. $4.5B Victoria's Secret
20%
14. $6.9B Coach
19%
16. $5.9B Moncler
18%
31. $4.2B Michael Kors
17%
40. $2.9B Omega
16%
45. $2.6B Vera Wang
16%
44. $2.6B Asics
15%
83. $943M Jimmy Choo
15%
56. $1.8B Old Navy
14%
43. $2.7B Macy's
13%
53. $2B Urban Outfitters
13%
32. $4.1B Skechers
12%
15. $6.4B Tiffany & Co.
12%
96. $640M Banana Republic
11%
62. $1.6B Diesel
11%
68. $1.2B Forever 21
11%
90. $769M Patagonia
11%
42. $2.7B Ray Ban
11%
95. $645M Tag Heuer
11%
29. $4.4B Next
9%
20. $4.9B Patek Philippe
9%
61. $1.6B Audemars Piguet
8%
59. $1.6B Max Mara
8%
35. $3.5B Nordstrom
8%
54. $1.9B Salvatore Ferragamo
8%
98. $626M Swatch
8%
33. $4B TJ Maxx
8%
39. $2.9B Christian Louboutin
7%
60. $1.6B Manolo Blahnik
7%
92. $704M New Look
7%
17. $5.8B Sephora
7%
47. $2.3B Steve Madden
7%
23. $4.8B Swarovski
7%
74. $1B Tissot
7%
48. $2.2B Brunello Cucinelli
6%
73. $1.1B TOD's
6%
78. $1B Topshop
6%
88. $816M Vacheron Constantin
6%
21. $4.9B Zalando
6%
99. $622M Cavalli
4%
37. $3.1B Chopard
4%
87. $816M Fossil
4%
70. $1.1B Longchamp
4%
76. $1B Tory Burch
4%
91. $711M Bogner
3%
82. $975M Cole Haan
3%
97. $627M Desigual
3%
89. $792M Elie Saab
3%
80. $1B Aldo
2%
49. $2.1B American Eagle Outfitters
2%
93. $690M Breguet
2%
22. $4.8B Chow Tai Fook
2%
85. $856M Elie Taharie
2%
94. $657M ESCADA
2%
41. $2.9B Foot Locker Inc.
2%
65. $1.5B Furla
2%
79. $1B G-star
2%
57. $1.7B IWC Schaffhausen
2%
86. $826M Jaeger-Le Coultre
2%
72. $1.1B Lao Feng Xiang
2%
67. $1.2B Longines
2%
64. $1.5B Net-a-Porter
2%
51. $2.1B Nine West
2%
81. $1B Oakley
2%
71. $1.1B Sisley
2%
69. $1.1B Stuart Weitzman
2%
No matching quizzes found
Score Distribution
Percent of People with Each Score
Percentile by Number Answered
Your Score History
You have not taken this quiz